[Event "4NCL 2009-10"]
[Site "Sunningdale ENG"]
[Date "2010.01.16"]
[Round "3"]
[White "Posazhennikov,A"]
[Black "Houska,Jo"]
[Result "0-1"]
[WhiteElo "2252"]
[BlackElo "2381"]
[EventDate "2009.10.24"]

1. d4 d5 2. c4 c6 3. Nf3 Nf6 4. Nc3 a6 5. e3 b5 6. cxd5 cxd5 7. Bd3 Bb7 8.
O-O e6 9. Ne5 Bd6 10. f4 Nbd7 11. Qf3 b4 12. Ne2 Ne4 13. f5 O-O 14. Nxd7
Qxd7 15. Ng3 Nxg3 16. hxg3 exf5 17. Bxf5 Qe7 18. Bd2 a5 19. Kf2 g6 20. Bd3
Rfc8 21. Rh1 Ba6 22. Bxa6 Rxa6 23. Qxd5 Rc2 24. Ke2 b3 25. Kd3 Rxb2 26. Bc3
Rxa2 27. Rxa2 bxa2 28. Ra1 Bb4 29. Bxb4 axb4 30. Rxa2 Re6 31. e4 Qc7 32. e5
Qc3+ 33. Ke2 Rc6 34. Ra7 Qc2+ 35. Ke1 Qc1+ 36. Ke2 Rc2+ 37. Kf3 Qf1+ 38.
Ke3 Rc3+ 39. Kd2 Qd3+ 40. Ke1 Rc1+ 0-1

[Event "4NCL 2009-10"]
[Site "Sunningdale ENG"]
[Date "2010.01.16"]
[Round "3"]
[White "Martin,Andrew"]
[Black "Harley,A"]
[Result "1-0"]
[WhiteElo "2423"]
[BlackElo "2204"]
[EventDate "2009.10.24"]

1. Nf3 Nf6 2. d4 e6 3. c4 b6 4. Nc3 Bb7 5. a3 d5 6. cxd5 Nxd5 7. e3 Nxc3 8.
bxc3 g6 9. Bb5+ c6 10. Be2 Bg7 11. O-O O-O 12. a4 c5 13. a5 Qc7 14. Qa4 Nd7
15. Rd1 Rfd8 16. Bb2 e5 17. d5 e4 18. d6 Qb8 19. Ng5 h6 20. a6 hxg5 21.
axb7 Qxb7 22. Ba6 Qb8 23. Qxe4 Nf6 24. Qc6 Rd7 25. c4 Qd8 26. Bb5 Rc8 27.
Bxf6 Rxc6 28. Bxd8 Rdxd6 29. Bxc6 1-0

[Event "4NCL 2009-10"]
[Site "Sunningdale ENG"]
[Date "2010.01.16"]
[Round "3"]
[White "Dunn,An1"]
[Black "McDonald,N"]
[Result "0-1"]
[WhiteElo "2220"]
[BlackElo "2412"]
[EventDate "2009.10.24"]

1. d4 d5 2. Nf3 c6 3. e3 Bf5 4. Bd3 Bxd3 5. Qxd3 Nf6 6. c4 e6 7. Nc3 Nbd7
8. O-O Bb4 9. Bd2 Bxc3 10. Bxc3 O-O 11. Nd2 Re8 12. f4 a5 13. c5 b6 14.
cxb6 Qxb6 15. Rac1 Qb5 16. Qc2 a4 17. e4 Nxe4 18. Nxe4 dxe4 19. Qxe4 Nf6
20. Qf3 Nd5 21. Rf2 Qc4 22. a3 Rab8 23. Qd1 Rb3 24. Rf3 Qb5 25. Bb4 Rxb2
26. Rc5 Qa6 27. Ra5 Qc4 28. Rf2 Rxf2 29. Kxf2 Nxf4 30. Rxa4 Nd3+ 0-1

[Event "4NCL 2009-10"]
[Site "Sunningdale ENG"]
[Date "2010.01.16"]
[Round "3"]
[White "McEwan,K"]
[Black "Tiller,B"]
[Result "0-1"]
[WhiteElo "2142"]
[BlackElo "2378"]
[EventDate "2009.10.24"]

1. e4 c5 2. Nc3 Nc6 3. g3 g6 4. Bg2 Bg7 5. f4 d6 6. d3 e6 7. Nf3 Nge7 8.
O-O O-O 9. a4 b6 10. Ne2 Ba6 11. Rb1 d5 12. Nd2 Rc8 13. b3 Qd7 14. Bb2 Bxb2
15. Rxb2 Rfd8 16. Rf2 f5 17. e5 c4 18. Nf3 cxd3 19. cxd3 Nb4 20. Ne1 d4 21.
Qd2 Ned5 22. Nxd4 Nc3 23. Ndf3 Nxd3 24. Nxd3 Ne4 25. Qe3 Bxd3 26. Rbd2 Rc1+
27. Ne1 Nxd2 28. Rxd2 Qd4 29. Qxd4 Rxd4 30. Kf2 Rc3 31. Bf1 Rxb3 32. Bxd3
Kf7 33. Ke2 h6 34. Bc2 Rxd2+ 35. Kxd2 Ra3 36. Ng2 a6 37. Ne3 b5 38. axb5
axb5 39. h3 b4 40. g4 b3 41. Bb1 b2 42. gxf5 gxf5 43. Nc4 Rxh3 44. Nxb2
Rh2+ 45. Kc3 Rh1 46. Ba2 Rf1 47. Nd3 h5 48. Kd2 h4 49. Ke2 Ra1 50. Bc4 h3
51. Nc5 h2 52. Bxe6+ Kg6 53. Bd5 Ra5 54. Kf2 Rxc5 55. Bh1 Kh5 56. Kg3 Rc3+
57. Kxh2 Kg4 58. e6 Rc2+ 59. Bg2 Re2 60. e7 Kxf4 61. e8=Q Rxe8 62. Bf1 Kf3
0-1

[Event "4NCL 2009-10"]
[Site "Sunningdale ENG"]
[Date "2010.01.16"]
[Round "3"]
[White "Sowray,P"]
[Black "Borman,P"]
[Result "1-0"]
[WhiteElo "2318"]
[BlackElo "2218"]
[EventDate "2009.10.24"]

1. e4 g6 2. d4 Bg7 3. Nc3 d6 4. f4 a6 5. Nf3 b5 6. Bd3 Nd7 7. e5 e6 8. Be3
Bb7 9. a4 b4 10. Ne4 Bxe4 11. Bxe4 d5 12. Bd3 Ne7 13. a5 c5 14. dxc5 Nc6
15. Qe2 O-O 16. O-O Ndb8 17. Ra4 Nxa5 18. Rxb4 Qc7 19. Ra4 Nb7 20. b4 a5
21. Nd4 Nc6 22. Nxc6 Qxc6 23. b5 Qc8 24. c6 Nd8 25. Bc5 Re8 26. Bd6 Bf8 27.
Rfa1 Bxd6 28. exd6 Nxc6 29. bxc6 Qxc6 30. Bb5 Qb6+ 31. Kh1 Reb8 32. d7 Qxb5
33. d8=Q+ 1-0

[Event "4NCL 2009-10"]
[Site "Sunningdale ENG"]
[Date "2010.01.16"]
[Round "3"]
[White "Cobb,J"]
[Black "Wells,P"]
[Result "1/2-1/2"]
[WhiteElo "2415"]
[BlackElo "2489"]
[EventDate "2009.10.24"]

1. Nf3 d5 2. c4 e6 3. b3 a5 4. e3 a4 5. bxa4 Nf6 6. Be2 Nbd7 7. O-O c6 8.
d4 Qa5 9. Bd2 Qxa4 10. Qxa4 Rxa4 11. Nc3 Ra7 12. Rfb1 Be7 13. a4 b6 14.
cxd5 exd5 15. Bd3 O-O 16. Bf5 g6 17. Bh3 Ra6 18. Rb2 Bd6 19. Rab1 Bc7 20.
Ne1 Ne4 21. Nxe4 dxe4 22. Rc2 c5 23. Bxd7 Bxd7 24. dxc5 Bxa4 25. Rc4 bxc5
26. Rxc5 Bd6 27. Ra5 Rxa5 28. Bxa5 Rc8 29. Ra1 Rc4 30. Bd2 f5 31. h4 Kf7
32. Rb1 Ke6 33. Kf1 h6 34. Ke2 Rc5 35. Kf1 g5 36. hxg5 hxg5 37. Ra1 Bb5+
38. Kg1 Be5 39. Rb1 f4 40. Rc1 Rd5 41. Bb4 fxe3 42. fxe3 g4 43. Rc5 Rxc5
44. Bxc5 Bd3 45. Kf2 g3+ 46. Kg1 Bc3 47. Nf3 Kd5 48. Ba7 exf3 49. gxf3 Be1
50. Kg2 Bf2 51. e4+ 1/2-1/2

[Event "4NCL 2009-10"]
[Site "Sunningdale ENG"]
[Date "2010.01.16"]
[Round "3"]
[White "McNab,C"]
[Black "Cooper,J"]
[Result "1/2-1/2"]
[WhiteElo "2466"]
[BlackElo "2346"]
[EventDate "2009.10.24"]

1. c4 e6 2. Nf3 d5 3. b3 c5 4. g3 Nc6 5. Bg2 Be7 6. Bb2 Nf6 7. e3 d4 8.
exd4 cxd4 9. O-O e5 10. Re1 Nd7 11. a3 a5 12. b4 axb4 13. axb4 Rxa1 14.
Bxa1 Nxb4 15. Nxe5 Nc5 16. Na3 O-O 17. Nb5 Bf6 18. Bxd4 Ncd3 19. Nxd3 Nxd3
20. Bxf6 Qxf6 21. Rf1 Re8 22. Qf3 Qxf3 23. Bxf3 Ne1 24. Bg2 Bg4 25. f3 Bd7
26. Nd6 Re2 27. Rf2 Re6 28. Ne4 Nd3 29. Rf1 Bc6 30. Ra1 h6 31. Ra8+ Kh7 32.
Rd8 Ne1 33. Kf2 Nxg2 34. Kxg2 Bxe4 35. fxe4 Rxe4 36. c5 Kg6 37. Kf3 Rc4 38.
d4 Kf5 39. Rd5+ Ke6 40. Rd6+ Ke7 41. Ke4 Rb4 42. h4 h5 43. Kf4 Rb3 44. Rd5
Rd3 45. Re5+ Kd7 46. d5 g6 47. d6 Kc6 48. Kg5 b6 49. cxb6 Rxd6 50. Re7 Kxb6
51. Rxf7 Rd3 52. Rf6+ Kc7 53. Rxg6 Rxg3+ 54. Kxh5 Rh3 55. Rg4 Kd7 56. Kg6
Ke7 57. Kg7 Ke6 58. Kg6 Ke7 59. h5 Kf8 60. h6 Kg8 61. Ra4 1/2-1/2

[Event "4NCL 2009-10"]
[Site "Sunningdale ENG"]
[Date "2010.01.16"]
[Round "3"]
[White "Rees,I"]
[Black "Palliser,R"]
[Result "0-1"]
[WhiteElo "2336"]
[BlackElo "2435"]
[EventDate "2009.10.24"]

1. e4 c5 2. Nf3 d6 3. d4 cxd4 4. Nxd4 Nf6 5. Nc3 a6 6. Bc4 e6 7. Bb3 b5 8.
Bg5 b4 9. Na4 Bb7 10. Qe2 Nc6 11. O-O-O Qa5 12. f4 Nxd4 13. Rxd4 Bc6 14. e5
dxe5 15. Qxe5 Qxe5 16. fxe5 Nd7 17. Rhd1 Be7 18. Bxe7 Kxe7 19. Rxb4 Nxe5
20. Re1 Nd7 21. Nb6 Nxb6 22. Rxb6 Bxg2 23. Rg1 Be4 24. Rg4 Bf5 25. Ra4 g5
26. c4 h5 27. c5 g4 28. Bd1 Rhg8 29. c6 h4 30. Rb7+ Kf6 31. c7 0-1

[Event "4NCL 2009-10"]
[Site "Sunningdale ENG"]
[Date "2010.01.16"]
[Round "3"]
[White "Van de Griendt,JW"]
[Black "Zeidler,S"]
[Result "1/2-1/2"]
[WhiteElo "2352"]
[BlackElo "2221"]
[EventDate "2009.10.24"]

1. d4 f5 2. g3 Nf6 3. Bg2 g6 4. b3 Bg7 5. Bb2 O-O 6. Nf3 Ne4 7. O-O Nc6 8.
Qc1 a5 9. c4 e6 10. Na3 g5 11. Ne5 h6 12. Nc2 Qe8 13. f3 Nf6 14. Nxc6 bxc6
15. Ne1 Nh5 16. Nd3 d6 17. f4 gxf4 18. gxf4 Nf6 19. Qe3 Bd7 20. h3 Kh7 21.
Kf2 Rg8 22. Bf3 Qb8 23. Rg1 a4 24. b4 a3 25. Bc3 Qb6 26. Rab1 Bh8 27. Rxg8
Rxg8 28. b5 cxb5 29. c5 Qa6 30. c6 Bc8 31. Nb4 Qb6 32. Nc2 d5 33. Nxa3 Qxc6
34. Rxb5 Qd6 35. Bb4 Qa6 36. Rc5 c6 37. Ra5 Qb6 38. Nc2 Ne4+ 39. Bxe4 fxe4
40. Qa3 Qd8 41. Ra7+ Rg7 42. Rxg7+ Bxg7 43. Bd6 Ba6 44. Qxa6 Qxd6 45. Ke3
Kg6 46. Qa7 h5 47. Qc5 Qc7 48. Ne1 Bh6 49. Ng2 Kf7 50. Qc3 Bf8 51. Kf2 c5
52. dxc5 d4 53. Qc2 Qxc5 54. Qxe4 d3+ 55. Ne3 d2 56. Qd3 Qc1 57. Qh7+ Bg7
58. Kg2 d1=Q 59. Qxh5+ Ke7 60. Nxd1 Qxd1 61. Qc5+ Kf7 62. Qh5+ Kf8 63. Qc5+
Kg8 64. Qc8+ Kf7 65. Qb7+ Kf6 66. Qe4 Kf7 1/2-1/2

[Event "4NCL 2009-10"]
[Site "Sunningdale ENG"]
[Date "2010.01.16"]
[Round "3"]
[White "Redmond,J"]
[Black "Buckley,Si"]
[Result "1/2-1/2"]
[WhiteElo "2196"]
[BlackElo "2348"]
[EventDate "2009.10.24"]

1. c4 e5 2. g3 Nc6 3. Nc3 g6 4. Bg2 Bg7 5. e4 d6 6. Nge2 Nge7 7. d3 Bg4 8.
f3 Be6 9. Nd5 O-O 10. O-O Qd7 11. Be3 f5 12. Qd2 Rae8 13. Rac1 Nc8 14. Kh1
Nd8 15. exf5 Bxf5 16. d4 Nf7 17. b3 c6 18. Ndc3 exd4 19. Nxd4 Bh3 20. Rcd1
Bxg2+ 21. Kxg2 Re5 22. Nde2 Re7 23. Rde1 Rfe8 24. Nd4 Nb6 25. Bf2 d5 26. c5
Na8 27. Rxe7 Rxe7 28. Re1 Nc7 29. Rxe7 Qxe7 30. Qe2 Qxe2 31. Ncxe2 Ne5 32.
Nc1 Kf7 33. h3 a5 34. f4 Nd7 35. Nd3 Na6 36. Nc2 Bf8 37. Be1 Naxc5 38. Nxc5
Nxc5 39. Bxa5 Ne4 40. Kf3 Bc5 41. Be1 Ke6 42. g4 Ba7 43. b4 Bb6 44. Na1 Nd6
45. Nb3 d4 46. Ke2 Kd5 47. Kd3 Nc4 48. Bd2 Nb2+ 49. Kc2 Nc4 50. Kd3 1/2-1/2

[Event "4NCL 2009-10"]
[Site "Sunningdale ENG"]
[Date "2010.01.16"]
[Round "3"]
[White "Barrett,S"]
[Black "O'Neill,P"]
[Result "1/2-1/2"]
[WhiteElo "2212"]
[BlackElo "2163"]
[EventDate "2009.10.24"]

1. d4 Nf6 2. c4 g6 3. Nc3 Bg7 4. e4 d6 5. f4 O-O 6. Nf3 c5 7. dxc5 Qa5 8.
Bd3 Qxc5 9. Qe2 Nc6 10. Be3 Qa5 11. O-O Bg4 12. Rac1 Rac8 13. Rfd1 Nd7 14.
Bb1 Rfe8 15. h3 Bxf3 16. Qxf3 Nb6 17. Qe2 Na4 18. Nxa4 Qxa4 19. h4 Qb4 20.
b3 e5 21. Rd5 Nd4 22. Bxd4 exd4 23. Rf1 Qb6 24. Qf3 Qc7 25. h5 Qe7 26. f5
Be5 27. Qg4 Kg7 28. f6+ Bxf6 29. Rdf5 Qe6 30. h6+ Kh8 31. R5f4 Qxg4 32.
Rxg4 Be5 33. Rxf7 Rb8 34. Rh4 Kg8 35. Rf3 Rf8 36. Rhh3 Rxf3 37. Rxf3 Rf8
38. Kf2 Rxf3+ 39. Kxf3 Kf7 40. Kg4 Kf6 41. Bd3 Bh2 42. g3 Bg1 43. c5 dxc5
44. e5+ Kxe5 45. Bxg6 Be3 46. Bxh7 Bxh6 47. Bd3 a6 48. a4 Bd2 1/2-1/2

[Event "4NCL 2009-10"]
[Site "Sunningdale ENG"]
[Date "2010.01.16"]
[Round "3"]
[White "James,Dav"]
[Black "Gayson,P"]
[Result "1-0"]
[WhiteElo "2110"]
[BlackElo "2240"]
[EventDate "2009.10.24"]

1. Nf3 f5 2. d4 Nf6 3. g3 g6 4. Bg2 Bg7 5. O-O O-O 6. c4 d6 7. Nc3 Qe8 8.
d5 Na6 9. Rb1 Nc5 10. Nb5 Qd8 11. Ng5 h6 12. Nh3 Bd7 13. Nd4 e5 14. dxe6
Nxe6 15. Bxb7 Rb8 16. Bg2 Ne4 17. Nxe6 Bxe6 18. Qc2 Rb4 19. b3 Nc3 20. Nf4
Bf7 21. Bd2 Nxb1 22. Bxb4 c5 23. Be1 g5 24. Nd5 Re8 25. e3 f4 26. Qxb1 Re6
27. exf4 Re2 28. Bc3 gxf4 29. Bxg7 Bxd5 30. Bxd5+ Kxg7 31. Qf5 1-0

[Event "4NCL 2009-10"]
[Site "Sunningdale ENG"]
[Date "2010.01.16"]
[Round "3"]
[White "Fidalgo Fernandez,L"]
[Black "Wilson,Ju"]
[Result "1-0"]
[WhiteElo "2115"]
[BlackElo "1890"]
[EventDate "2009.10.24"]

1. d4 Nf6 2. Nf3 e6 3. Bf4 b6 4. e3 Bb7 5. Be2 Be7 6. h3 d6 7. O-O Nbd7 8.
c4 Ne4 9. Qc2 f5 10. Bh2 O-O 11. Nc3 Ndf6 12. b4 Rc8 13. Rfd1 Qe8 14. b5
Qg6 15. a4 Nxc3 16. Qxc3 Ne4 17. Qb2 Ng5 18. Nxg5 Bxg5 19. Bf1 Bf6 20. a5
Rfd8 21. Rdc1 c5 22. bxc6 Rxc6 23. axb6 Rxb6 24. Qd2 a6 25. c5 dxc5 26. Bc7
cxd4 27. Bxb6 dxe3 28. Qxe3 Rd6 29. Rab1 Be4 30. Rc8+ Kf7 31. Bc5 Bg5 32.
Bxd6 Bxe3 33. Rf8+ 1-0

[Event "4NCL 2009-10"]
[Site "Sunningdale ENG"]
[Date "2010.01.17"]
[Round "4"]
[White "Bacrot,E"]
[Black "Adams,D"]
[Result "0-1"]
[WhiteElo "2709"]
[BlackElo "2217"]
[EventDate "2009.10.24"]

1. d4 Nf6 2. c4 e6 3. g3 d5 4. Nf3 Bb4+ 5. Bd2 Bd6 6. Bg2 c6 7. Qc2 Nbd7 8.
O-O O-O 9. Bf4 Bxf4 10. gxf4 b6 11. Ne5 c5 12. dxc5 Nxc5 13. Nc3 Bb7 14.
Rfd1 Rc8 15. Rd4 Qe7 16. Rad1 dxc4 17. Bxb7 Nxb7 18. Rd7 Nxd7 19. Rxd7 Qh4
20. Rxb7 Qxf4 21. Nf3 Rc7 22. Rxc7 Qxc7 23. Ng5 g6 24. Qe4 h6 25. Nf3 a6
26. Qe3 Kg7 27. Ne5 b5 28. Ng4 g5 29. Ne4 Qf4 30. Qh3 h5 31. Ngf6 Rh8 32.
Qc3 e5 33. Qb4 Rh6 34. Ne8+ Kg8 35. N8d6 h4 36. h3 g4 37. e3 Qf3 38. Qc5
Rg6 39. Qc8+ Kh7 40. Kh2 g3+ 0-1

[Event "4NCL 2009-10"]
[Site "Sunningdale ENG"]
[Date "2010.01.17"]
[Round "4"]
[White "Haslinger,S"]
[Black "Hammer,J"]
[Result "0-1"]
[WhiteElo "2529"]
[BlackElo "2585"]
[EventDate "2009.10.24"]

1. e4 e5 2. Nc3 Nc6 3. Bc4 Nf6 4. d3 Na5 5. Bb3 Bb4 6. Bg5 h6 7. Bxf6 Qxf6
8. Nge2 c6 9. O-O O-O 10. f4 Nxb3 11. axb3 exf4 12. Rxf4 Qg5 13. d4 d5 14.
Qd3 Bxc3 15. bxc3 Bg4 16. Rf2 dxe4 17. Qxe4 Rfe8 18. Qd3 Re3 19. Qd2 Rae8
20. Ng3 a6 21. Nf1 Re2 22. Rxe2 Rxe2 23. Qxg5 hxg5 24. c4 Be6 25. Ra5 f6
26. Ra2 Bf5 27. Ng3 Rxc2 28. Rxc2 Bxc2 29. b4 Bd3 30. c5 f5 31. Kf2 f4 32.
Ne2 Bxe2 33. Kxe2 g4 34. Kd3 Kf7 35. Ke4 g5 36. h3 f3 0-1

[Event "4NCL 2009-10"]
[Site "Sunningdale ENG"]
[Date "2010.01.17"]
[Round "4"]
[White "McShane,L"]
[Black "Rowson,J"]
[Result "1/2-1/2"]
[WhiteElo "2615"]
[BlackElo "2579"]
[EventDate "2009.10.24"]

1. c4 e5 2. g3 Nc6 3. Nc3 g6 4. Bg2 Bg7 5. e4 d6 6. Nge2 f5 7. d3 Nf6 8.
Nd5 O-O 9. Bg5 Be6 10. Qd2 Qd7 11. O-O Nh5 12. exf5 Bxf5 13. b4 Rae8 14. b5
Nd8 15. Bxd8 Rxd8 16. Nb4 Rb8 17. Qe3 Bh3 18. Rab1 Bxg2 19. Kxg2 c6 20.
Qxa7 cxb5 21. cxb5 Qxb5 22. Qe3 Rbc8 23. Rfc1 Nf6 24. Nc3 Qa5 25. Ne4 Rxc1
26. Qxc1 d5 27. Nxf6+ Bxf6 28. Qc2 Be7 29. a3 Bc5 30. f3 Rd8 31. Qb3 Qb6
32. Rc1 Qd6 33. Rc2 Rd7 34. Qa4 Rf7 35. Qb3 Rd7 36. Re2 Kg7 37. Nc2 Re7 38.
a4 b6 39. Qb2 Qf6 40. Qc3 Qd6 41. Qb3 Kf8 42. Qb2 Kg8 43. Qa2 Rf7 44. Ne3
Rd7 45. Ng4 Bd4 46. Qd2 h5 47. Nf2 Bxf2 48. Rxf2 Qf6 49. Qe3 Ra7 50. Qc1 h4
51. Qc8+ Kg7 52. Rc2 Rf7 53. Qg4 h3+ 54. Kxh3 Qxf3 55. Qxf3 Rxf3 56. Rd2
Kh6 57. Kg4 Re3 58. Rd1 Re2 59. Rb1 Rxh2 60. Rxb6 Rd2 61. Re6 Rxd3 62. Rxe5
Rd4+ 63. Kf3 Rxa4 64. Rxd5 1/2-1/2

[Event "4NCL 2009-10"]
[Site "Sunningdale ENG"]
[Date "2010.01.17"]
[Round "4"]
[White "Hebden,M"]
[Black "Baburin,A"]
[Result "1/2-1/2"]
[WhiteElo "2503"]
[BlackElo "2550"]
[EventDate "2009.10.24"]

1. d4 d5 2. Nf3 Nf6 3. c4 e6 4. Bg5 Nbd7 5. e3 c6 6. Nbd2 Be7 7. Rc1 h6 8.
Bf4 O-O 9. Bd3 c5 10. O-O b6 11. cxd5 Nxd5 12. Bg3 Bb7 13. a3 cxd4 14. Nxd4
Rc8 15. Qe2 Rxc1 16. Rxc1 Qa8 17. e4 N5f6 18. e5 Nd5 19. Qg4 Nc5 20. Bb1
Rc8 21. Re1 a5 22. h4 Qa6 23. Ne4 b5 24. h5 b4 25. axb4 axb4 26. Nd6 Bxd6
27. exd6 Nf6 28. Qd1 Ncd7 29. Bd3 Qb6 30. Bb5 Qc5 31. Bh4 Qd5 32. f3 Qxh5
33. Bxd7 Nxd7 34. Bf2 Qd5 35. Nb3 Kf8 36. Qxd5 Bxd5 37. Nd4 g6 38. Ra1 e5
39. Nb5 Rc2 40. Ra7 Bc6 41. Rc7 Rxf2 42. Na7 Rd2 43. Nxc6 Rxd6 44. Nxb4 Nf6
45. Nc6 Rd1+ 46. Kh2 Rc1 47. b4 Nd5 48. Rc8+ Kg7 49. b5 Rb1 50. Rb8 Kf6 51.
Rb7 Rb2 52. Nd8 Nf4 53. Nxf7 h5 54. Nd6 Rxg2+ 55. Kh1 Kg5 56. Ne4+ Kh4 57.
Re7 Rb2 58. Rxe5 Kh3 59. Rg5 Rb1+ 60. Rg1 Rxb5 61. Nf2+ Kh4 62. Ne4 Rb2 63.
Rf1 Nh3 64. Nf6 Kg3 65. Ne4+ Kf4 66. Nf6 Nf2+ 67. Kg1 Nd3 68. Kh1 Ne5 69.
Nd5+ Kg3 70. Nf6 Nxf3 71. Ne4+ Kf4 72. Nf2 Rd2 73. Kg2 g5 74. Ra1 g4 75.
Ra4+ Kf5 76. Ra8 Kg5 77. Ra1 Ne5 78. Kf1 Kf5 79. Ra8 Rb2 80. Rf8+ Kg5 81.
Ne4+ Kh4 82. Rf5 Nf3 83. Nf2 Ng5 84. Nd3 Ra2 85. Nf4 g3 1/2-1/2

[Event "4NCL 2009-10"]
[Site "Sunningdale ENG"]
[Date "2010.01.17"]
[Round "4"]
[White "Gordon,S"]
[Black "Flear,G"]
[Result "1/2-1/2"]
[WhiteElo "2535"]
[BlackElo "2497"]
[EventDate "2009.10.24"]

1. d4 d5 2. c4 c6 3. Nf3 Nf6 4. Nc3 e6 5. Bg5 Nbd7 6. cxd5 exd5 7. e3 Be7
8. Bd3 O-O 9. Qc2 Re8 10. O-O g6 11. Rae1 Nh5 12. Bxe7 Rxe7 13. b4 a6 14.
a4 Nhf6 15. Rc1 Qc7 16. b5 axb5 17. axb5 c5 18. dxc5 Qxc5 19. Na4 Qd6 20.
Ra1 Rb8 21. Rfc1 Nb6 22. Nxb6 Qxb6 23. Qc5 Qxc5 24. Rxc5 Kf8 25. Nd4 Bd7
26. b6 Be8 27. Be2 Rd7 28. Bf3 Rd6 29. Rb1 Ra8 30. g4 Ra6 31. Rc7 Rdxb6 32.
Rxb7 Rxb1+ 33. Rxb1 Bd7 34. g5 Ne4 35. h4 Kg7 36. Rb7 Rd6 37. Kg2 Nc5 38.
Ra7 Ne6 39. Kg3 Nxd4 40. exd4 h6 41. Ra5 hxg5 42. hxg5 Be6 43. Kf4 1/2-1/2

[Event "4NCL 2009-10"]
[Site "Sunningdale ENG"]
[Date "2010.01.17"]
[Round "4"]
[White "Pert,N"]
[Black "Grafl,F"]
[Result "1-0"]
[WhiteElo "2541"]
[BlackElo "2426"]
[EventDate "2009.10.24"]

1. d4 f5 2. Bg5 g6 3. Nc3 Bg7 4. e3 Nh6 5. Nf3 Nf7 6. Bf4 c6 7. h4 d5 8.
Qd2 Be6 9. O-O-O Nd7 10. h5 Nf6 11. hxg6 hxg6 12. Rxh8+ Bxh8 13. Ne5 Nxe5
14. Bxe5 Kf7 15. f3 Qa5 16. Bd3 Nd7 17. Bxh8 Rxh8 18. Qf2 Qc7 19. Ne2 Ke8
20. g4 Qh2 21. Qxh2 Rxh2 22. Nf4 Kf7 23. Rg1 Rh6 24. gxf5 gxf5 25. Rg5 Rf6
26. Bf1 Rh6 27. Bd3 Kf6 28. Nxe6 Kxe6 29. Rxf5 Rh1+ 30. Kd2 Rh2+ 31. Ke1
Nf6 32. Re5+ Kd6 33. Rg5 b6 34. e4 dxe4 35. fxe4 Kd7 36. Kd1 Rh4 37. e5 Nd5
38. c3 Rh2 39. Kc1 a5 40. a4 Ne3 41. Rg3 Rh1+ 42. Kd2 Nf1+ 43. Bxf1 Rxf1
44. Kc2 Rf2+ 45. Kb3 Re2 46. Rg6 Kc7 47. Rg8 c5 48. Rg6 Rd2 49. dxc5 bxc5
50. Ra6 c4+ 51. Kxc4 Rxb2 52. Ra7+ Kc6 53. Rxe7 Re2 54. Re6+ Kd7 55. Rd6+
Kc7 56. Rd5 Kb6 57. Rb5+ Ka6 58. Kd5 Rd2+ 59. Kc6 Ra2 60. e6 Rxa4 61. Re5
1-0

[Event "4NCL 2009-10"]
[Site "Sunningdale ENG"]
[Date "2010.01.17"]
[Round "4"]
[White "Wheeler,D"]
[Black "Granat,R"]
[Result "1/2-1/2"]
[WhiteElo "2240"]
[BlackElo "2250"]
[EventDate "2009.10.24"]

1. e4 c5 2. f4 Nc6 3. Nf3 e6 4. Nc3 d5 5. Bb5 a6 6. Bxc6+ bxc6 7. d3 Be7 8.
O-O f5 9. Ne5 dxe4 10. dxe4 Qd4+ 11. Kh1 Qxd1 12. Rxd1 Nf6 13. exf5 exf5
14. Nxc6 Bb7 15. Nxe7 Kxe7 16. Be3 c4 17. Rd4 Rac8 18. Bf2 Rhd8 19. Rad1
Rxd4 20. Rxd4 Ne4 21. Be1 Nxc3 22. Bxc3 Be4 23. Bb4+ Ke8 24. c3 Rd8 25. Kg1
Rxd4 26. cxd4 Kd7 27. Kf2 Ke6 28. Bf8 g6 29. g3 Kd5 30. Ke3 h5 31. Bg7 Kc6
32. Kd2 Bd5 33. Kc3 Kb5 34. Bf8 a5 35. Be7 a4 36. Bd8 a3 37. bxa3 Ka4 38.
Be7 1/2-1/2

[Event "4NCL 2009-10"]
[Site "Sunningdale ENG"]
[Date "2010.01.17"]
[Round "4"]
[White "Jackson,A"]
[Black "Snape,I"]
[Result "1/2-1/2"]
[WhiteElo "2216"]
[BlackElo "2189"]
[EventDate "2009.10.24"]

1. e4 c5 2. Nf3 d6 3. d4 cxd4 4. Nxd4 Nf6 5. Nc3 g6 6. Be3 Bg7 7. f3 O-O 8.
Qd2 Nc6 9. Bc4 Bd7 10. O-O-O Rb8 11. Bb3 Na5 12. Bh6 Bxh6 13. Qxh6 b5 14.
h4 e5 15. Nde2 b4 16. Nd5 Nxb3+ 17. cxb3 Nxd5 18. Rxd5 Rb6 19. Kb1 Be6 20.
Rd2 Ra6 21. Nc1 f6 22. g4 Qa5 23. Qe3 Rc8 24. Rc2 Rxc2 25. Kxc2 Rc6+ 26.
Kb1 Qc7 27. Nd3 a5 28. Rc1 Rxc1+ 29. Nxc1 d5 30. exd5 Bxd5 31. Nd3 Qc6 32.
Ne1 Be6 1/2-1/2

[Event "4NCL 2009-10"]
[Site "Sunningdale ENG"]
[Date "2010.01.17"]
[Round "4"]
[White "Anderton,D"]
[Black "Allinson,J"]
[Result "1/2-1/2"]
[WhiteElo "2211"]
[BlackElo "2135"]
[EventDate "2009.10.24"]

1. d4 c6 2. c4 d6 3. Nf3 Nf6 4. g3 Bg4 5. Bg2 Nbd7 6. O-O e5 7. dxe5 dxe5
8. Nc3 Qc7 9. Qc2 Be7 10. a3 a5 11. b3 O-O 12. Bb2 Rfe8 13. Na4 Bh5 14. c5
Bg6 15. Qc1 e4 16. Nh4 Bh5 17. Qc2 Bf8 18. Bd4 Bg4 19. f3 exf3 20. exf3 Be6
21. Rfe1 1/2-1/2

[Event "4NCL 2009-10"]
[Site "Sunningdale ENG"]
[Date "2010.01.17"]
[Round "4"]
[White "Punnett,A"]
[Black "Bellin,J"]
[Result "1/2-1/2"]
[WhiteElo "2094"]
[BlackElo "2151"]
[EventDate "2009.10.24"]

1. e4 c5 2. Nc3 Nc6 3. g3 g6 4. Bg2 Bg7 5. d3 d6 6. f4 e6 7. Nf3 Nge7 8.
O-O O-O 9. Be3 Nd4 10. Qd2 Rb8 11. Nd1 b6 12. c3 Nxf3+ 13. Bxf3 d5 14. Qc2
d4 15. Bd2 Bb7 16. c4 Qd7 17. Nf2 f5 18. Rad1 Bc6 19. Rde1 Nc8 20. Bg2 Qb7
21. b4 cxb4 22. Bxb4 Rd8 23. Nh3 h6 1/2-1/2

[Event "4NCL 2009-10"]
[Site "Sunningdale ENG"]
[Date "2010.01.17"]
[Round "4"]
[White "Rose,M"]
[Black "Dearing,E"]
[Result "0-1"]
[WhiteElo "2282"]
[BlackElo "2406"]
[EventDate "2009.10.24"]

1. e4 c5 2. c3 e6 3. d4 d5 4. exd5 exd5 5. Nf3 Nc6 6. Bb5 Bd6 7. dxc5 Bxc5
8. O-O Nge7 9. Nbd2 O-O 10. Nb3 Bb6 11. Bd3 Qd6 12. Re1 Nf5 13. Bc2 Bd7 14.
Qd3 g6 15. Bg5 f6 16. Bd2 Ne5 17. Nxe5 fxe5 18. Qe2 e4 19. Be3 Nxe3 20.
fxe3 Bc7 21. g3 h5 22. Qg2 h4 23. Rad1 Bg4 24. Bxe4 Bxd1 25. Rxd1 Bb6 26.
Rxd5 Bxe3+ 27. Kh1 Qe6 28. Rd3 Rf1+ 0-1

[Event "4NCL 2009-10"]
[Site "Sunningdale ENG"]
[Date "2010.01.17"]
[Round "4"]
[White "Pinter,G"]
[Black "Savage,B"]
[Result "1-0"]
[WhiteElo "2349"]
[BlackElo "2296"]
[EventDate "2009.10.24"]

1. e4 e5 2. Nf3 Nc6 3. d4 exd4 4. Nxd4 Nf6 5. Nxc6 bxc6 6. e5 Qe7 7. Qe2
Nd5 8. c4 Nb6 9. Nc3 Qe6 10. Qe4 g6 11. f4 Bg7 12. c5 Nd5 13. Bc4 Bb7 14.
O-O Qe7 15. Qd4 Nxc3 16. bxc3 d5 17. cxd6 cxd6 18. Ba3 dxe5 19. fxe5 Qxa3
20. Bxf7+ Ke7 21. Rad1 1-0

[Event "4NCL 2009-10"]
[Site "Sunningdale ENG"]
[Date "2010.01.17"]
[Round "4"]
[White "White,Mi"]
[Black "Mah,K"]
[Result "1/2-1/2"]
[WhiteElo "2227"]
[BlackElo "2417"]
[EventDate "2009.10.24"]

1. e4 c6 2. d4 d5 3. exd5 cxd5 4. c4 Nf6 5. Nc3 e6 6. Nf3 Be7 7. cxd5 Nxd5
8. Bd3 Nc6 9. a3 O-O 10. O-O Qa5 11. Bd2 Nxc3 12. bxc3 Rd8 13. Re1 Bf6 14.
Qc1 Qh5 15. Rb1 e5 16. Rb5 a6 17. Rc5 Bg4 18. Be4 Be7 19. Bxc6 Bxc5 20.
Rxe5 Qg6 21. Be4 f5 22. Bxf5 Bxf5 23. Nh4 Qg4 24. Nxf5 Bf8 25. Qb1 Re8 26.
Qb3+ Kh8 27. f3 Qg6 28. Nh4 Qf6 29. Rh5 Re2 30. Qb1 h6 31. Ng6+ Kg8 32. Rf5
Qe6 33. Nf4 Qe7 34. Nxe2 Qxe2 35. Qe1 Qxe1+ 36. Bxe1 Bxa3 37. c4 Rd8 38. d5
b5 39. cxb5 axb5 40. d6 Rxd6 41. Rxb5 Bc1 42. Rb1 1/2-1/2

[Event "4NCL 2009-10"]
[Site "Sunningdale ENG"]
[Date "2010.01.17"]
[Round "4"]
[White "Bisby,D"]
[Black "Rawlinson,A"]
[Result "1-0"]
[WhiteElo "2297"]
[BlackElo "2207"]
[EventDate "2009.10.24"]

1. d4 d5 2. c4 c6 3. Nf3 Nf6 4. Nc3 e6 5. Qb3 dxc4 6. Qxc4 b5 7. Qd3 a6 8.
e4 c5 9. e5 cxd4 10. Nxb5 Bb4+ 11. Bd2 Bxd2+ 12. Qxd2 Ne4 13. Qxd4 Qa5+ 14.
b4 1-0

[Event "4NCL 2009-10"]
[Site "Sunningdale ENG"]
[Date "2010.01.17"]
[Round "4"]
[White "Milovanovic,A"]
[Black "Moskovic,D"]
[Result "1/2-1/2"]
[WhiteElo "2246"]
[BlackElo "2307"]
[EventDate "2009.10.24"]

1. d4 Nf6 2. c4 g6 3. Nc3 Bg7 4. Bg5 O-O 5. Nf3 c5 6. e3 cxd4 7. exd4 d5 8.
Bxf6 Bxf6 9. cxd5 Bg4 10. Be2 Qb6 11. Qd2 Bxf3 12. Bxf3 Bxd4 13. O-O Nd7
14. Rad1 Bg7 15. d6 Bxc3 16. bxc3 exd6 17. Rb1 Qc5 18. Rxb7 Ne5 19. Bd5
Rab8 20. Rfb1 Rxb7 21. Rxb7 Rc8 22. c4 Nxc4 23. Bxf7+ Kh8 24. Qh6 Na5 25.
Rb1 Qf5 26. Rc1 Rxc1+ 27. Qxc1 Qxf7 28. Qc3+ Kg8 29. Qxa5 d5 30. a4 Qd7 31.
Qb4 Kf7 32. Qf4+ Ke7 33. Qd4 Kd6 34. g3 Kc6 35. Kg2 Kb7 36. f4 h5 37. Kf3
Qf5 38. Qb4+ Kc6 39. Qb5+ Kc7 40. Qc5+ Kb7 41. Qb5+ 1/2-1/2